| 000 -LEADER |
| fixed length control field |
01716cam a22003254a 4500 |
| 001 - CONTROL NUMBER |
| control field |
12504928 |
| 005 - DATE AND TIME OF LATEST TRANSACTION |
| control field |
20170131161151.0 |
| 008 - FIXED-LENGTH DATA ELEMENTS--GENERAL INFORMATION |
| fixed length control field |
010816s2001 nyua c 001 0 eng |
| 010 ## - LIBRARY OF CONGRESS CONTROL NUMBER |
| LC control number |
2001044664 |
| 020 ## - INTERNATIONAL STANDARD BOOK NUMBER |
| International Standard Book Number |
1580930980 |
| 042 ## - AUTHENTICATION CODE |
| Authentication code |
pcc |
| 043 ## - GEOGRAPHIC AREA CODE |
| Geographic area code |
n-us-al |
| 050 00 - LIBRARY OF CONGRESS CALL NUMBER |
| Classification number |
N6505 .A66 2001 |
| 082 00 - DEWEY DECIMAL CLASSIFICATION NUMBER |
| Classification number |
709/.73/07476184 |
| Edition number |
21 |
| 100 1# - MAIN ENTRY--PERSONAL NAME |
| Personal name |
Armstrong, Tom, |
| Dates associated with a name |
1932-2011. |
| 245 13 - TITLE STATEMENT |
| Title |
An American odyssey : |
| Remainder of title |
the Warner collection of American fine and decorative arts, Gulf States Paper Corporation, Tuscaloosa, Alabama / |
| Statement of responsibility, etc. |
Tom Armstrong ; essays by Amy Coes, Ella Foshay, and Wendell Garrett ; photography by Lynn Diane DeMarco, Bonnie Morrison, and Paul Rocheleau. |
| 260 ## - PUBLICATION, DISTRIBUTION, ETC. (IMPRINT) |
| Place of publication, distribution, etc. |
New York : |
| Name of publisher, distributor, etc. |
Monacelli Press in association with Sotheby's, |
| Date of publication, distribution, etc. |
c2001. |
| 300 ## - PHYSICAL DESCRIPTION |
| Extent |
224 p. : |
| Other physical details |
ill. (chiefly col.) ; |
| Dimensions |
29 cm. |
| 500 ## - GENERAL NOTE |
| General note |
Includes index. |
| 600 10 - SUBJECT ADDED ENTRY--PERSONAL NAME |
| Personal name |
Warner, Jack |
| Fuller form of name |
(Jonathan) |
| General subdivision |
Art collections |
| Form subdivision |
Catalogs. |
| 610 20 - SUBJECT ADDED ENTRY--CORPORATE NAME |
| Corporate name or jurisdiction name as entry element |
Gulf States Paper Corporation (U.S.) |
| General subdivision |
Art collections |
| Form subdivision |
Catalogs. |
| 650 #0 - SUBJECT ADDED ENTRY--TOPICAL TERM |
| Topical term or geographic name as entry element |
Art, American |
| Form subdivision |
Catalogs. |
| 650 #0 - SUBJECT ADDED ENTRY--TOPICAL TERM |
| Topical term or geographic name as entry element |
Art |
| General subdivision |
Private collections |
| Geographic subdivision |
Alabama |
| -- |
Tuscaloosa |
| Form subdivision |
Catalogs. |
| 856 42 - ELECTRONIC LOCATION AND ACCESS |
| Materials specified |
Contributor biographical information |
| Uniform Resource Identifier |
<a href="http://www.loc.gov/catdir/enhancements/fy0835/2001044664-b.html">http://www.loc.gov/catdir/enhancements/fy0835/2001044664-b.html</a> |
| 856 42 - ELECTRONIC LOCATION AND ACCESS |
| Materials specified |
Publisher description |
| Uniform Resource Identifier |
<a href="http://www.loc.gov/catdir/enhancements/fy0835/2001044664-d.html">http://www.loc.gov/catdir/enhancements/fy0835/2001044664-d.html</a> |
| 942 ## - ADDED ENTRY ELEMENTS (KOHA) |
| Source of classification or shelving scheme |
|
| Koha item type |
Hard Covered Materials |